| 000 | 00691nam a22001691a 4500 | ||
|---|---|---|---|
| 001 | 5743 | ||
| 003 | OSt | ||
| 005 | 20260204212026.0 | ||
| 008 | 060208s19??||||dr ||||||b||||||||||spa|| | ||
| 050 | _aRD 320.0 R299l | ||
| 110 | _aRepública Dominicana | ||
| 245 | _aLey no. 1486 relativa a la representación del estado en las actas jurídicas y para la defensa en justicia de sus intereses ley no. 1421 de arrendamiento de bienes del estado y ley no. 524 que establece un sistema permanente para la renta de bienes inmuebles del dominio privado del estado | ||
| 264 | _aSanto Domingo : Congreso Nacional | ||
| 300 | _a18 p | ||
| 650 | _a1.Estado - Justicia 2.Ley No.1486Ì | ||
| 942 |
_2ddc _cBK |
||
| 999 |
_c5743 _d5743 |
||